Choosing Plan A in a Plan B world: (Record no. 17505)

000 -LEADER
fixed length control field 00737nam a2200205 a 4500
001 - CONTROL NUMBER
control field :::00021480$&:&@@
003 - CONTROL NUMBER IDENTIFIER
control field OkBaRHE
005 - DATE AND TIME OF LATEST TRANSACTION
control field 20100402130843.0
008 - FIXED-LENGTH DATA ELEMENTS--GENERAL INFORMATION
fixed length control field s1987 j 000 0 eng u
040 ## - CATALOGING SOURCE
Transcribing agency
100 1# - MAIN ENTRY--PERSONAL NAME
Personal name White, Jerry E.
245 10 - TITLE STATEMENT
Title Choosing Plan A in a Plan B world:
Remainder of title living out the Lordship of Christ
260 ## - PUBLICATION, DISTRIBUTION, ETC. (IMPRINT)
Place of publication, distribution, etc Colorado Springs, CO
Name of publisher, distributor, etc NavPress,
Date of publication, distribution, etc 1987
300 ## - PHYSICAL DESCRIPTION
Extent 204 p.
520 ## - SUMMARY, ETC.
Summary, etc A focus on the practical issues of lordship in daily living, a challenge to choose Plan A.
650 ## - SUBJECT ADDED ENTRY--TOPICAL TERM
Topical term or geographic name as entry element Christian life.
650 ## - SUBJECT ADDED ENTRY--TOPICAL TERM
Topical term or geographic name as entry element Jesus Christ
General subdivision Person and offices.
942 ## - ADDED ENTRY ELEMENTS (KOHA)
Source of classification or shelving scheme
Koha item type Books
Copies
Source of classification or shelving scheme Withdrawn status Permanent Location Copy number Koha item type Shelving location Damaged status Date acquired Date last seen Barcode Lost status Price effective from Not for loan Full call number
  RHEMA Bible Training College1BooksGeneral Stacks 2010-04-142010-04-1421480 2010-04-14 BV 4501.2 .W4493 1987